<?xml version="1.0" encoding="UTF-8"?>
<record
    xmlns:xsi="http://www.w3.org/2001/XMLSchema-instance"
    xsi:schemaLocation="http://www.loc.gov/MARC21/slim http://www.loc.gov/standards/marcxml/schema/MARC21slim.xsd"
    xmlns="http://www.loc.gov/MARC21/slim">

  <leader>03001nam a2200349 a 4500</leader>
  <controlfield tag="001">ebr10363711</controlfield>
  <controlfield tag="003">CaPaEBR</controlfield>
  <controlfield tag="006">m        u        </controlfield>
  <controlfield tag="007">cr cn|||||||||</controlfield>
  <controlfield tag="008">071119s2008    ne a    sb    001 0 eng  </controlfield>
  <datafield tag="010" ind1=" " ind2=" ">
    <subfield code="z">  2007047581</subfield>
  </datafield>
  <datafield tag="020" ind1=" " ind2=" ">
    <subfield code="z">9789004163966 (hardback : alk. paper)</subfield>
  </datafield>
  <datafield tag="040" ind1=" " ind2=" ">
    <subfield code="a">CaPaEBR</subfield>
    <subfield code="c">CaPaEBR</subfield>
  </datafield>
  <datafield tag="035" ind1=" " ind2=" ">
    <subfield code="a">(OCoLC)313019574</subfield>
  </datafield>
  <datafield tag="043" ind1=" " ind2=" ">
    <subfield code="a">e------</subfield>
  </datafield>
  <datafield tag="050" ind1="1" ind2="4">
    <subfield code="a">BF1040</subfield>
    <subfield code="b">.S67 2008eb</subfield>
  </datafield>
  <datafield tag="082" ind1="0" ind2="4">
    <subfield code="a">133.909</subfield>
    <subfield code="2">22</subfield>
  </datafield>
  <datafield tag="245" ind1="0" ind2="0">
    <subfield code="a">Spirits unseen</subfield>
    <subfield code="h">[electronic resource] :</subfield>
    <subfield code="b">the representation of subtle bodies in early modern European culture /</subfield>
    <subfield code="c">edited by Christine Gottler and Wolfgang Neuber.</subfield>
  </datafield>
  <datafield tag="260" ind1=" " ind2=" ">
    <subfield code="a">Leiden ;</subfield>
    <subfield code="a">Boston :</subfield>
    <subfield code="b">Brill,</subfield>
    <subfield code="c">2008.</subfield>
  </datafield>
  <datafield tag="300" ind1=" " ind2=" ">
    <subfield code="a">xxvii, 365 p. :</subfield>
    <subfield code="b">ill.</subfield>
  </datafield>
  <datafield tag="490" ind1="0" ind2=" ">
    <subfield code="a">Intersections,</subfield>
    <subfield code="x">1568-1181 ;</subfield>
    <subfield code="v">v. 9</subfield>
  </datafield>
  <datafield tag="504" ind1=" " ind2=" ">
    <subfield code="a">Includes bibliographical references and index.</subfield>
  </datafield>
  <datafield tag="505" ind1="0" ind2=" ">
    <subfield code="a">Vapours and veils : the edge of the unseen / Christine Gottler -- Poltergeist the prequel : aspects of other worldly disturbances in early modern times / Wolfgang Neuber -- Fire, smoke and vapour, Jan Brueghel's "poetic hell' : ghespoock in early modern European art / Christine Gottler -- Moveable feasts of reason : description, intelligence, and the excitation of sight / Bret Rothstein -- Images in the air : optical games, magic, and imagination / Sven Dupre -- Material gazes and flying images in Marsilio Ficino and Michelangelo / Berthold Hub -- Spirits of love: Castiglione and Neo-Platonic discourses of vision / Wietse de Boer -- Painting's enchanting poison : artistic eficacy and the transfer of spirits / Thijs Weststeijn -- "Singe the enchantment for sleepe" : music and bewitched sleep in early modern English drama / Sarah F. Williams -- Bilder des Unsichtbaren : Robert Fludd's Konzeption des Weltgeistes / Wilhelm Schmidt-Biggemann -- Sympathy in Eden : on paradise with the fall of man by Rubens and Brueghel / Paul J. Smith -- Dizzying visions : St. Teresa of Jesus and the embodied visual image / Rose Marie San Juan -- Spirit as intermediary in post-Cartesian natural philosophy / Justin E.H. Smith -- The motions of laughter : allegory and physiology in Walter Charleton's Natural history of the passions (1674) / Dawn Morgan -- Ghosts in the machine : the apparition of Mrs. Veal, Rowe's friendship in death, and the early eighteenth-century invisible world / Jennifer Frangos -- Die Geburt des Kunstwerks durch den Geist der Proportion : Franz Xavier Messerschmidt und seine Charakterkopfe / Axel Christoph Gampp.</subfield>
  </datafield>
  <datafield tag="533" ind1=" " ind2=" ">
    <subfield code="a">Electronic reproduction.</subfield>
    <subfield code="b">Palo Alto, Calif. :</subfield>
    <subfield code="c">ebrary,</subfield>
    <subfield code="d">2013.</subfield>
    <subfield code="n">Available via World Wide Web.</subfield>
    <subfield code="n">Access may be limited to ebrary affiliated libraries.</subfield>
  </datafield>
  <datafield tag="650" ind1=" " ind2="0">
    <subfield code="a">Spirits</subfield>
    <subfield code="x">History.</subfield>
  </datafield>
  <datafield tag="651" ind1=" " ind2="0">
    <subfield code="a">Europe</subfield>
    <subfield code="x">Civilization.</subfield>
  </datafield>
  <datafield tag="655" ind1=" " ind2="7">
    <subfield code="a">Electronic books.</subfield>
    <subfield code="2">local</subfield>
  </datafield>
  <datafield tag="700" ind1="1" ind2=" ">
    <subfield code="a">G&#xFFFD;ottler, Christine.</subfield>
  </datafield>
  <datafield tag="700" ind1="1" ind2=" ">
    <subfield code="a">Neuber, Wolfgang.</subfield>
  </datafield>
  <datafield tag="710" ind1="2" ind2=" ">
    <subfield code="a">ebrary, Inc.</subfield>
  </datafield>
  <datafield tag="856" ind1="4" ind2="0">
    <subfield code="u">http://site.ebrary.com/lib/rucke/Doc?id=10363711</subfield>
    <subfield code="z">An electronic book accessible through the World Wide Web; click to view</subfield>
  </datafield>
  <datafield tag="999" ind1=" " ind2=" ">
    <subfield code="c">110999</subfield>
    <subfield code="d">110999</subfield>
  </datafield>
</record>
